000
00232 a2200097 4500
001
14515
100
_a
Nadvi Abu-ul-Hassan Ali
245
_a
Jab Eman ki Bhar ey
260
_a
Karachi
_b
Majlis Nashryat Islam
_c
090
_c
11345
_d
11345
942
_a
NUST-CAE
_c
M
_c
1498
999
_c
249588
_d
249588